000 00545cam a2200217 a 4500
001 951846
005 20171218083543.0
008 840702s1985 nyua 001 0 eng
010 _a 84015085
020 _a0895771977
040 _aDLC
_cDLC
_dDLC
041 _aeng
043 _an-us---
080 _a917.3J JAM
082 0 0 _a917.3J JAM
_219
100 _a42
101 _aGJE
245 0 0 _aOur national parks :
906 _a7
_bcbc
_corignew
_d1
_eocip
_f19
_gy-gencatlg
942 _2ddc
_cBK
999 _c39109
_d39109